Science Quiz

Random Science or Animal Quiz

Birds Quiz Stats

Quiz Updated Dec 22, 2011

Also try: Baby Animals
Challenge
Share
Tweet
Score 0/25 Timer 06:00
5 Plays Today
# Bird % Correct
22Mute Swan
92.8%
19Canada Goose
92.2%
3Ruby-throated Hummingbird
90%
20Ring-billed Gull
89.2%
8Brown Pelican
81.5%
21Pileated Woodpecker
80.8%
11Downy Woodpecker
80.6%
1Northern Cardinal
80.5%
17Mourning Dove
68.6%
2Great Blue Heron
68.1%
18House Sparrow
56.5%
16Cattle Egret
44.6%
15Carolina Chickadee
39.4%
# Bird % Correct
4White Ibis
31.6%
9American Goldfinch
30.9%
24Osprey
30.3%
14Eastern Willet
29.8%
25Royal Tern
28.2%
10Double-crested Cormorant
25.4%
23Carolina Wren
23.5%
12White-breasted Nuthatch
16.2%
5Common Moorhen
14.8%
13Rose-breasted Grosbeak
13.4%
7Loggerhead Shrike
10.3%
6Anhinga
10.3%

You're not logged in!

Compare scores with friends on all Sporcle quizzes.
Sign Up with Email
OR
Log In

You Might Also Like...

Show Comments

Extras

Top Quizzes Today


Score Distribution

Your Account Isn't Verified!

In order to create a playlist on Sporcle, you need to verify the email address you used during registration. Go to your Sporcle Settings to finish the process.